Statistics for Hertha BSC Best Scorer By Year

Click here to take the quiz!

General Stats

  • This quiz has been taken 148 times
    (47 since last reset)
  • The average score is 6 of 27

Answer Stats

Player% Correct
Vedad Ibišević
70%
Dodi Lukebakio
68%
Krzysztof Piątek
55%
Salomon Kalou
45%
Marcelinho Paraíba
43%
Adrián Ramos
40%
Marko Pantelić
38%
Matheus Cunha
38%
Michael Preetz
38%
Andriy Voronin
33%
Erich Beer
30%
Stevan Jovetić
30%
Jhon Córdoba
28%
Ondrej Duda
23%
Pierre-Michel Lasogga
20%
Julian Schieber
15%
Karl-Heinz Granitza
3%
Lorenz Horr
3%
Erwin Hermandung
0%
Franz Brungs
0%
Helmut Faeder
0%
Henrik Agerbeck
0%
Michael Krampitz
0%
Sven Kretschmer
0%
Theo Gries
0%
Thomas Remark
0%
Werner Ipta
0%

Score Distribution

Percentile by Number Answered

Percent of People with Each Score

Your Score History

You have not taken this quiz since the last reset